| 000 | 00861nas a2200289 4500 | ||
|---|---|---|---|
| 001 | BR9504131 | ||
| 003 | BR-BrBNA | ||
| 005 | 20231205094104.0 | ||
| 007 | ta | ||
| 008 | 230509b bl.|||p| |||| 00| 00por d | ||
| 040 |
_aBR-BrBNA _bpor _cBiblioteca Nacional de Agricultura |
||
| 041 | _a(Pt) | ||
| 072 | _aF03; F62 | ||
| 100 | 1 | _aSilva, M.B. da | |
| 100 | 1 | _aCosta, J.A. | |
| 245 | 1 | _aUso de peroxido de calcio no tratamento de sementes com uma alternativa para a semeadura de arroz em solo inundado | |
| 650 | _aArroz | ||
| 650 | _aSemente | ||
| 650 | _aEmergencia | ||
| 650 | _aGerminacao | ||
| 650 | _aPlantula | ||
| 650 | _aSemeadura | ||
| 650 | _aPratica Cultural | ||
| 773 | 0 |
_tLavoura Arrozeira (Brazil) _xISSN 0023-9143 _g(May-Jun 1993), v. 46(408) p. 3-5 _wBR9504131 |
|
| 909 |
_a202311 _bLúcia _c55 _dLúcia Elande |
||
| 942 |
_2AGRIS _n0 _cANA |
||
| 999 |
_c142008 _d142008 |
||